Statystyki dla Alan Walker - Wszystkie piosenki

Kliknij tutaj aby rozwiązać quiz!

Ogólne statystyki

  • Ten quiz został rozwiązany 49 razy
  • Średni wynik to 12 z 33

Statystyki odpowiedzi

Tytuł piosenki% Poprawnych
Fade
96%
Alone
93%
Darkside
68%
The Spectre
68%
Faded
64%
Sing Me To Sleep
64%
Spectre
57%
Ignite
54%
All Falls Down
43%
Diamond Heart
43%
Lily
39%
Tired
39%
Force
32%
Routine
32%
Alone II
29%
On My Way
29%
Play
29%
Do It All For You
25%
Heading Home
25%
Lost Control
25%
Sky
25%
Space Melody
25%
Different World
21%
I Dont Wanna Go
21%
Are You Lonely
18%
End Of Time
18%
Fake A Smile
18%
Sweet Dreams
18%
Avem
14%
Interlude
14%
Sorry
14%
Dead Girl
11%
Believers
4%

Rozkład punktacji

Percentyl według liczby udzielonych odpowiedzi

Procent ludzi z każdym wynikiem

Twoja historia wyników

Nie rozwiązałeś tego quizu